|
|
|
|
| LEADER |
00000ny a22000003n 4500 |
| 005 |
2011052604104.0 |
| 008 |
080624s2001 sp s 000 0 spa c |
| 020 |
|
|
|a 8476986300
|
| 035 |
|
|
|a 1137
|
| 040 |
|
|
|a UMA.RE
|d vLex
|
| 080 |
|
|
|a 347.96(0.034)
|
| 090 |
|
|
|c 302
|d 302
|
| 100 |
1 |
|
|a Rodrg̕uez Tirado, Ana Mara̕
|
| 245 |
1 |
4 |
|a Las funciones procesales del Secretario judicial
|h [Recurso electrn̤ico]
|c Ana Mara̕ Rodrg̕uez Tirado
|
| 256 |
|
|
|a Servicio en ln̕ea
|
| 260 |
|
|
|a Barcelona :
|b J. M. Bosch,
|c 2001
|
| 506 |
1 |
|
|a Contenido solo disponible en los productos indicados
|d vLex Global
|d vLex Global (Academic Edition, excluding Law Schools)
|d vLex Global (U.S. Academic Edition, Law Schools)
|d vLex Global (U.S. Academic Edition, excluding Law Schools)
|d vLex Global (Academic Edition, Law Schools)
|
| 650 |
0 |
7 |
|a Secretarios judiciales
|2 Tesauro vLex
|
| 650 |
0 |
7 |
|a Actos del secretario judicial
|2 Tesauro vLex
|
| 740 |
0 |
|
|a vLex Libros (Servicios en ln̕ea)
|
| 856 |
4 |
0 |
|u http://vlex.com/source/1137
|z Acceso restringido
|
| 942 |
|
|
|c BOOK
|
| 999 |
0 |
|
|a Law
|b Barcelona
|